MDQL
is popping MORE tags! Check the
thread
!
Quizzes
Events
Quiz Creation
Community
Videos
Private Events
Remove Ads
Sign In
Join for FREE
Feedback
Dark Mode
Quiz Categories
Sports
Geography
Music
Movies
Television
Just For Fun
Miscellaneous
History
Literature
Language
Science
Gaming
Entertainment
Religion
Holiday
For Kids
Quiz Lab
Recent
Popular Today
Quiz Kudos Today
Editor Picks
Curator Picks
Quizzes by...
Day
Popularity
Type
Ratings
Length
Year
Community
Subscriptions
Recent Discussions
Orange Saloon
Badges
Playlists
Quests
Create
Leaderboards
Showdown
Live 5
Trivia Bingo
Activity
Puzzle Library
Sporcle Events
Private Events
Virtual Trivia
Globe League
Become a Host
Pub Owners
SporcleCon
Opinionation
Our Games
Videos
Blog
Mobile Apps
Partnerships
Remove Ads and Go Orange
Feedback
Television
TV Characters
TV Show
Sitcom
Network
Friends
Reality Shows
Cast
South Park
Star Trek
The Simpsons
Doctor Who
Television
TV Characters
TV Show
Sitcom
Network
Friends
Reality Shows
Cast
South Park
Star Trek
The Simpsons
Doctor Who
Random Quiz
Search Sporcle
×
Quiz Lab
Quiz Lab
Television
King of the Hill
Select answers by clicking on text or image buttons
Select answers by clicking on text or image buttons
Clickable
Best Score? Go Orange.
King of the Hill quotes by episode: Season 8 Stats
Can you pick the King of the Hill quotes by episode: Season 8?
By
darlingnicki
4m
22 Questions
237 Plays
237 Plays
237 Plays
Comments
Comments
Give Quiz Kudos
Give Quiz Kudos
-
- Ratings
hide this ad
Forced Order
Answers have to be entered in order
Answers have to be entered in order
Random Order
Randomize order of answers
Randomize order of answers
Replay
Link that replays current quiz
Next Quiz
Link to next quiz in quiz playlist
You Got
0%
They Got
Avg Score
76%
Avg Friend Score
Upgrade to see
Score Distribution
Jump to the score distribution portion of the page
Score
0/22
Timer
04:00
0
Plays Today
% Correct
Phish and Wildlife
89%
Rich Hank, Poor Hank
88.2%
Cheer Factor
87.3%
Hank’s Back
86.9%
Apres Hank, le Deluge
83.5%
My Hair Lady
82.7%
That’s What She Said
82.3%
Girl, You’ll Be a Giant Soon
82.3%
Dale Be Not Proud
80.2%
Dale Tech
78.9%
How I Learned to Stop Worrying and Love the Alamo
77.6%
% Correct
Talking Shop
76.4%
Patch Boomhauer
73.4%
Flirting with the Master
73%
After the Mold Rush
73%
Reborn to be Wild
72.2%
The Incredible Hank
70.5%
New Cowboy on the Block
70%
Livin’ on Reds, Vitamin C and Propane
68.8%
The Redneck on Rainey Street
68.4%
Ceci N’est Pas Une King of the Hill
61.6%
Stressed for Success
59.5%
Quiz Playlist
Details
Report
Send in Message
Add To Playlist
Clickable:
Select answers by clicking on text or image buttons
Forced Order:
Answers have to be entered in order
Random Order:
Randomize order of answers
Last Updated: Feb 16, 2017
Quiz Scoreboard
CHALLENGE
Sign Up to Join the Scoreboard
Show All
Scores
Hide
Comments
May contain spoilers
Recently Published
1-10 Letter E Words III
by El_Dandy
Language
2m
Street Fighter Characters
by Artimus82
Gaming
60s
College Basketball Coaching Resumes
by pancakes188
Sports
9m
More to Explore
Quiz From the Vault
Featured Blog Post
Where Did the Easter Bunny Come From?
hide this ad
You Might Also Like...
Tags
King of the Hill
Today's Top Quizzes in Television
Browse Television
hide this ad
Today's Top Quizzes in King of the Hill
Browse King of the Hill
Top Contributed Quizzes in Television
1
Survivor Journey Challenge
2
Adjectives in 80s TV Shows
3
Adjectives in 00s TV Shows
4
5-to-1: The Simpsons Families
5
5-to-1: Television Doctors
6
Adjectives in 10s TV Shows
7
7-to-1: TV Show Settings
8
Adjectives in 70s TV Shows
9
5-to-1: Streaming Originals
10
Survivor Seasons
Explore More
Trending Topics
Crossword
Marvel
NBA
Kpop
Disney
Anime
Harry Potter
Pokémon
Song
WWE
Country
Puzzle
NFL
Soccer
The Office
hide this ad
More By:
darlingnicki
Quiz
Plays
Rating
Category
Featured
Created
King of the Hill quotes by episode: Season 1
465
3.33
Television
Jul 27, 2012
Actors Kill Actors II
615
2.11
Movies
Apr 3, 2010
King of the Hill quotes by episode: Season 1
465
3.33
Television
Jul 27, 2012
Prince song by lyrics
426
3.00
Music
Mar 30, 2010
King of Pop 'Lyrics'
422
4.00
Music
May 9, 2012
Madonna Song Titles
344
5.00
Music
Jun 8, 2012
Go to Creator's Profile
Score Distribution
Quiz Creator Spotlight
darlingnicki
Follow
Send a Message
Quizzes Created
-
Created Quiz Play Count
-
More By This Creator
Popular Quizzes Today
1
Find the US States - No Outlines Minefield
2
Find the Countries of Europe - No Outlines Minefield
3
The Countries of the World
4
Find the US States
5
Risky Map Clicking: Biggest States A-Z
6
US States
7
Popular People in 1961
8
Movies - When Are They Set?
More Television Quizzes
Follow That Line: Babylon 5
Curator's Pick
Trending Quizzes
Risky Map Clicking: Least Populous States A-Z
1-10 Letter G Words
USA Borders Longest to Shortest
1-10 Letter F Words
Countries of the World: 200 Million BC
Recently Updated
Leaping Animals
pecheneg
Reality TV Shows (A-Z)
bhenderson79
Rickey Henderson's Hall of Fame Teammates
pecheneg
Champions League XIs: Arsenal
pecheneg
Quick Pick: Celebrities in WWE's Hall of Fame
aduchscher
A-Z Keypad Blitz II
pecheneg
Multiple Oscar Actors
pecheneg
Mystery Phrase Blitz: Oscar 'Best Actors'
pecheneg
F. Scott Fitzgerald Novels
LTH
Pick 3 Villains
ddd62291
Trending Topics
Kpop
Marvel
Disney
Crossword
NBA
Anime
Harry Potter
WWE
The Office
Puzzle
Soccer
Pokémon
Country
Song
NFL
Your Account Isn't Verified!
In order to create a playlist on Sporcle, you need to verify the email address you used during registration. Go to your
Sporcle Settings
to finish the process.
Report this User
Report this user for behavior that violates our
Community Guidelines
.
Details:
Send Report
Go to the Sporcle.com Mobile Site →
Comments